La familia / (Record no. 19885)

MARC details
000 -LEADER
campo de control de longitud fija 00849nam a2200265 i 4500
001 - NÚMERO DE CONTROL
campo de control 19885
003 - IDENTIFICADOR DE NÚMERO DE CONTROL
campo de control ES-MaACL
005 - FECHA Y HORA DE LA ÚLTIMA TRANSACCIÓN
campo de control 20250924165159.0
007 - CAMPO FIJO DE DESCRIPCIÓN FÍSICA--INFORMACIÓN GENERAL
campo de control de longitud fija t|
008 - DATOS DE LONGITUD FIJA--INFORMACIÓN GENERAL
campo de control de longitud fija 021023s1970 sp ||||1| spa d
080 ## - NÚMERO DE LA CLASIFICACIÓN DECIMAL UNIVERSAL
Número de la Clasificación Decimal Universal 301.185.14
080 ## - NÚMERO DE LA CLASIFICACIÓN DECIMAL UNIVERSAL
Número de la Clasificación Decimal Universal 392.3
245 03 - MENCIÓN DEL TÍTULO
Título La familia /
Mención de responsabilidad, etc. Erich Fromm [et al.] ; introducción de Ralph Limton ; [traducción de Jordí Solé-Tura].
250 ## - MENCION DE EDICION
Mención de edición 1ª ed.
260 ## - PUBLICACIÓN, DISTRIBUCIÓN, ETC.
Lugar de publicación, distribución, etc. Barcelona :
Nombre del editor, distribuidor, etc. Península,
Fecha de publicación, distribución, etc. 1970.
300 ## - DESCRIPCIÓN FÍSICA
Extensión 296 p. ;
Dimensiones 20 cm.
490 1# - MENCIÓN DE SERIE
Mención de serie Historia, ciencia, sociedad ;
Designación de volumen o secuencia 57
650 #4 - PUNTO DE ACCESO ADICIONAL DE MATERIA--TÉRMINO DE MATERIA
Término de materia o nombre geográfico como elemento de entrada Familias.
9 (RLIN) 153905
700 1# - ENTRADA AGREGADA--NOMBRE PERSONAL
Nombre de persona Fromm, Erich,
Fechas asociadas al nombre 1900-1980
9 (RLIN) 52729
700 1# - ENTRADA AGREGADA--NOMBRE PERSONAL
Nombre de persona Limton, Ralph.
9 (RLIN) 72318
700 1# - ENTRADA AGREGADA--NOMBRE PERSONAL
Nombre de persona Solé Tura, Jordi,
Fechas asociadas al nombre 1930-2009
9 (RLIN) 107136
830 00 - PUNTO DE ACCESO ADICIONAL DE SERIE-TÍTULO UNIFORME
Título uniforme Historia, ciencia, sociedad (Península)
Designación de volumen o secuencia 57
9 (RLIN) 177444
852 ## - LOCALIZACIÓN
Ubicación ES-MaACL
Número de control de estantería C-48650
Sublocalización o colección R.74639
Holdings
Estatus retirado Estado de pérdida Estado de daño No para préstamo Biblioteca de origen Biblioteca actual Ubicación en estantería Fecha de adquisición Fuente de adquisición Total de préstamos Signatura topográfica completa Código de barras Visto por última vez Precio de reemplazo Tipo de ítem Koha
        Biblioteca del Ateneo de Madrid Biblioteca del Ateneo de Madrid Depósito 2 17/01/2008     C-48650 1020366 23/02/2023 23/02/2023 Libro impreso